LDR 00633naa#a2200169#i#450# 001 EN\\bibl\120481 005 20260513150151.3 011 ## _a1998-6785 100 ## _a20220321b2022####ek#y0engy0150####ca 102 ## _aRU 200 1# _aChina’s Geopolitical Interests in Eurasia. New Games on the Space of the Great Chessboard _eJournal article 210 1# _aVladivostok _cVladivostok State University _d2022 215 ## _a5 с. 608 ## _aJournal article _2local 675 ## _aМеждународные отношения. Мировая политика. Внешняя политика. 327 _z 700 #1 _aZolotukhin _gIvan N 856 4# _aojkum.editorum.ru _u